ბათუმის შოთა რუსთაველის სახელმწიფო უნივერსიტეტის ბიბლიოთეკა

შავი სისხლი : (ბიბ.ჩანაწერი № 63929)

000 -ლიდერი
ფიქსირებული სიგრძის საკონტროლო ველი 01215nam a22002177a 4500
003 - საკონტროლო ნომრის იდენტიფიკატორი
საკონტროლო ველი Ge_BSU
005 - ბოლო ოპერაციის თარიღი და დრო
საკონტროლო ველი 20260224121601.0
008 - ფიქსირებული სიგრძის მონაცემთა ელემენტები - ზოგადი ინფორმაცია
ფიქსირებული სიგრძის საკონტროლო ველი 260224s1973 ge ||||| |||| 00| 0 geo d
041 ## - ენის კოდი
Language code of text/sound track or separate title geo
080 ## - უნივერსალური ათობითი კლასიფიკაციის ინდექსი
Universal Decimal Classification number 323.14: 908(6): 94(6) ლ-28
100 ## - მთავარი ჩანაწერი - პიროვნების სახელი
Personal name ლაურინჩიუკასი, ალბერტას
9 (RLIN) 26955
245 ## - ცნობა სათაურის შესახებ
Title შავი სისხლი :
Remainder of title [აფრიკის წარსული, აწმყო და მომავალი] /
Statement of responsibility, etc ალბერტას ლაურინჩიუკასი; ლიტვურიდან თარგმნეს: ოთ. გრატიაშვილმა და ნ. ლობჟანიძემ.
264 ## - წარმოების, გამოცემის, დისტრიბუციის და სხვა ცნობები
გამოცემის, წარმოების, დისტრიბუციის... ადგილი თბ. :
გამოცემის, წარმოების, დისტრიბუციის... სახელწოდება საბჭ. საქართველო,
გამოცემის, წარმოების, დისტრიბუციის... თარიღი 1973.
300 ## - ფიზიკური აღწერა
Extent 261გვ. :
Other physical details 8ფ. ილ. ;
Dimensions 20სმ.
653 ## - INDEX TERM--UNCONTROLLED
Uncontrolled term რასიზმი
653 ## - INDEX TERM--UNCONTROLLED
Uncontrolled term აფრიკის ქვეყნები
653 ## - INDEX TERM--UNCONTROLLED
Uncontrolled term აფრიკის ქვეყნების ისტორია
700 ## - ADDED ENTRY--PERSONAL NAME
Personal name გრატიაშვილი, ოთ.
Relator term მთარგმნელი
9 (RLIN) 26956
700 ## - ADDED ENTRY--PERSONAL NAME
Personal name ლობჟანიძე, ნ.
Relator term მთარგმნელი
9 (RLIN) 26957
942 ## - ADDED ENTRY ELEMENTS (KOHA)
Source of classification or shelving scheme
Koha item type წიგნი
ეგზემპლარები
ჩამოწერის სტატუსი დაკარგული ეგზემპლარის სტატუსი კლასიფიკაციის წყარო ან თაროზე გაწყობის სქემა დაზიანების სტატუსი არ გაიცემა მუდმივი მდებარეობა (დაცვის ადგილი) ამჟამინდელი ადგილსამყოფელი შეძენის თარიღი ღირებულება, შესყიდვის ნორმალური ფასი სრული შენახვის შიფრი შტრიხკოდი ბოლო ოპერაციის თარიღი ეგზემპლარის მიმდევრობითი ნომერი (კეტერი?) ფასის ძალაში შესვლის თარიღი ეგზემპლარის სახეობა საჯარო შენიშვნა
          ბათუმის შოთა რუსთაველის სახელმწიფო უნივერსიტეტის მთავარი ბიბლიოთეკა ბათუმის შოთა რუსთაველის სახელმწიფო უნივერსიტეტის მთავარი ბიბლიოთეკა 2026-02-24 0.86 323.14: 908(6): 94(6) ლ-28 73801 2026-02-24 73801 2026-02-24 წიგნი 0.86 თ.